| 000 | 00476nam a2200157Ia 4500 | ||
|---|---|---|---|
| 005 | 20260121165308.0 | ||
| 008 | 260121s9999 xx 000 0 und d | ||
| 041 | _amar | ||
| 082 | _a928 | ||
| 100 | _aगोळे, रवींद्र | ||
| 245 | _aअण्णाभाऊ साठे जीवन व कार्य | ||
| 250 | _a1 | ||
| 260 |
_bभारतीय विचार साधना फाउंडेशन _c2022 |
||
| 300 | _a72 | ||
| 650 | _aGenral | ||
| 999 |
_c369945 _d369945 |
||